| 000 | 00596nam a2200229Ia 4500 | ||
|---|---|---|---|
| 003 | OSt | ||
| 005 | 20230616100001.0 | ||
| 008 | 210423s2018 xx 000 0 und d | ||
| 020 | _a9788122422153 | ||
| 040 | _cAL | ||
| 041 | _aeng | ||
| 082 |
_a641.3 _223 _bMANF |
||
| 100 |
_aMANAY (N Shankuntala);Shadaksharaswamy (M) _993883 |
||
| 245 | _aFoods facts and principles Ed 3 | ||
| 250 | _a3 | ||
| 260 |
_aBangalore _bNew Age International _c2018 |
||
| 300 |
_axxviii, 490 _bPB |
||
| 365 |
_b475 _cINR |
||
| 650 |
_aFood _993884 |
||
| 906 | _afacts ; Foods ; principles | ||
| 942 |
_2ddc _cBK |
||
| 999 |
_c170265 _d170265 |
||